Pays par superficie - Statistiques

Statistiques générales
  • Ce quiz a été pris 1 746 fois
    1 704 depuis la dernière actualisation
  • Le résultat moyen est 54 sur 196
Statistiques - réponses
Superficie Nombre de frontières terrestres (ponts inclus) Réponse % Correct
1 km² 1 Vatican
95%
2 km² 1 Monaco
87%
21 km² 0 Nauru
67%
61 km² 1 Saint Marin
64%
17098242 km² 16 Russie
63%
9984670 km² 1 Canada
61%
9833517 km² 2 Etats Unis
61%
160 km² 2 Liechtenstein
61%
9598065 km² 14 Chine
59%
26 km² 0 Tuvalu
57%
7741632 km² 0 Australie
56%
8514877 km² 10 Brésil
56%
3287263 km² 7 Inde
52%
468 km² 2 Andorre
51%
2780400 km² 5 Argentine
48%
181 km² 0 Îles Marshall
48%
2381741 km² 6 Algérie
47%
2724900 km² 5 Kazakhstan
47%
2344858 km² 9 République Démocratique du Congo
46%
261 km² 0 Saint Christophe et Niévès
46%
697 km² 1 Singapour
45%
316 km² 0 Malte
44%
2586 km² 3 Luxembourg
43%
344 km² 0 Grenade
42%
1964375 km² 3 Mexique
42%
459 km² 0 Palaos
42%
430 km² 0 Barbade
41%
298 km² 0 Maldives
41%
616 km² 0 Sainte Lucie
41%
389 km² 0 Saint Vincent et les Grenadines
41%
443 km² 0 Antigua et Barbuda
40%
2149690 km² 8 Arabie Saoudite
40%
455 km² 0 Seychelles
40%
760 km² 1 Bahreïn
39%
751 km² 0 Dominique
39%
1564116 km² 2 Mongolie
39%
2831 km² 0 Samoa
39%
747 km² 0 Tonga
39%
702 km² 0 Micronésie
38%
964 km² 0 Sao Tomé et Principe
38%
2235 km² 0 Comores
37%
2040 km² 0 Île Maurice
37%
1904569 km² 3 Indonésie
37%
1648195 km² 7 Iran
37%
811 km² 0 Kiribati
37%
1861484 km² 7 Soudan
37%
4033 km² 0 Cap Vert
36%
5128 km² 0 Trinité et Tobago
36%
5765 km² 1 Brunei
35%
672051 km² 11 France
35%
10991 km² 0 Jamaïque
35%
587041 km² 0 Madagascar
35%
18274 km² 0 Îles Fidji
34%
1759540 km² 6 Libye
34%
9251 km² 1 Chypre
33%
2220093 km² 2 Danemark
33%
377915 km² 0 Japon
33%
1284000 km² 6 Tchad
33%
12189 km² 0 Vanuatu
33%
1285216 km² 5 Pérou
32%
28896 km² 0 Îles Salomon
31%
103000 km² 0 Islande
31%
10887 km² 4 Kosovo
31%
1240192 km² 7 Mali
31%
1267000 km² 7 Niger
31%
267710 km² 0 Nouvelle Zélande
31%
11586 km² 1 Qatar
31%
1001450 km² 3 Egypte
30%
1246700 km² 4 Angola
29%
13880 km² 0 Bahamas
29%
1098581 km² 5 Bolivie
29%
1138910 km² 5 Colombie
29%
110860 km² 0 Cuba
29%
300400 km² 0 Philippines
29%
14874 km² 1 Timor Oriental
29%
1219090 km² 6 Afrique du Sud
28%
1104300 km² 6 Ethiopie
28%
11295 km² 1 Gambie
28%
27750 km² 1 Haïti
28%
10400 km² 2 Liban
28%
13812 km² 4 Monténégro
28%
65610 km² 0 Sri Lanka
28%
35980 km² 0 Taïwan
28%
1030700 km² 4 Mauritanie
27%
17364 km² 2 Swaziland
27%
783562 km² 8 Turquie
27%
756102 km² 3 Chili
26%
945087 km² 8 Tanzanie
26%
603550 km² 7 Ukraine
26%
912050 km² 3 Vénézuela
26%
505370 km² 6 Espagne
25%
30355 km² 1 Lesotho
25%
923768 km² 4 Nigéria
25%
796095 km² 4 Pakistan
25%
316178 km² 1 Royaume Uni
25%
20273 km² 4 Slovénie
25%
652230 km² 6 Afghanistan
24%
357022 km² 9 Allemagne
24%
23200 km² 3 Djibouti
24%
17818 km² 2 Koweït
24%
25713 km² 5 Macédoine
24%
824292 km² 4 Namibie
24%
48670 km² 1 République Dominicaine
24%
30528 km² 4 Belgique
23%
676578 km² 5 Birmanie
23%
99720 km² 1 Corée du Sud
23%
70273 km² 1 Irlande
23%
462840 km² 1 Papouasie Nouvelle Guinée
23%
92090 km² 1 Portugal
23%
22966 km² 2 Bélize
22%
799380 km² 6 Mozambique
22%
26338 km² 4 Rwanda
22%
41277 km² 5 Suisse
22%
27830 km² 3 Burundi
21%
20770 km² 4 Israël
21%
301340 km² 6 Italie
21%
580367 km² 5 Kenya
21%
712550 km² 3 Maroc
21%
41987 km² 2 Pays Bas
21%
21041 km² 2 Salvador
21%
513120 km² 4 Thaïlande
21%
752618 km² 8 Zambie
21%
45228 km² 2 Estonie
20%
28051 km² 2 Guinée Equatoriale
20%
622984 km² 6 République Centrafricaine
20%
77474 km² 8 Serbie
20%
450295 km² 3 Suède
20%
28748 km² 4 Albanie
19%
51100 km² 2 Costa Rica
19%
93028 km² 7 Hongrie
19%
64589 km² 4 Lettonie
19%
65300 km² 4 Lituanie
19%
33851 km² 2 Moldavie
19%
49035 km² 5 Slovaquie
19%
644329 km² 6 Soudan du Sud
19%
488100 km² 4 Turkménistan
19%
29743 km² 4 Arménie
18%
83871 km² 8 Autriche
18%
51197 km² 3 Bosnie Herzégovine
18%
581730 km² 4 Botswana
18%
338145 km² 3 Finlande
18%
447400 km² 5 Ouzbékistan
18%
312685 km² 7 Pologne
18%
637657 km² 3 Somalie
18%
527968 km² 2 Yémen
18%
38394 km² 2 Bhoutan
17%
110879 km² 5 Bulgarie
17%
56594 km² 4 Croatie
17%
36125 km² 2 Guinée Bissau
17%
438317 km² 6 Irak
17%
386224 km² 3 Norvège
17%
75420 km² 2 Panama
17%
406752 km² 3 Paraguay
17%
475440 km² 6 Cameroun
16%
120538 km² 3 Corée du Nord
16%
329847 km² 2 Malaisie
16%
78867 km² 4 République Tchèque
16%
56785 km² 3 Togo
16%
283561 km² 2 Equateur
15%
69700 km² 4 Géorgie
15%
131957 km² 4 Grèce
15%
108889 km² 4 Guatemala
15%
147181 km² 2 Népal
15%
130370 km² 2 Nicaragua
15%
71740 km² 2 Sierra Leone
15%
176215 km² 2 Uruguay
15%
390757 km² 4 Zimbabwe
15%
86600 km² 5 Azerbaïdjan
14%
83600 km² 2 Emirats Arabes Unis
14%
112090 km² 3 Honduras
14%
89342 km² 4 Jordanie
14%
238391 km² 5 Roumanie
14%
331210 km² 3 Vietnam
14%
143998 km² 2 Bangladesh
13%
207600 km² 5 Biélorussie
13%
342000 km² 4 Congo
13%
322463 km² 5 Côte d'Ivoire
13%
117600 km² 3 Erythrée
13%
111369 km² 3 Libéria
13%
309500 km² 3 Oman
13%
163820 km² 3 Suriname
13%
143100 km² 4 Tadjikistan
13%
163610 km² 2 Tunisie
13%
112622 km² 4 Bénin
12%
274200 km² 6 Burkina Faso
12%
181035 km² 3 Cambodge
12%
214969 km² 3 Guyana
12%
118484 km² 3 Malawi
12%
185180 km² 5 Syrie
12%
238533 km² 3 Ghana
11%
245857 km² 6 Guinée
11%
199951 km² 4 Kirghizistan
11%
236800 km² 5 Laos
11%
267667 km² 3 Gabon
10%
196722 km² 5 Sénégal
10%
241038 km² 5 Ouganda
9%
Aucun quiz correspondant
Distribution des résultats
% des personnes avec chaque résultat
Percentile par nombre de réponses
Votre historique - résultats
Vous n’avez pas pris ce quiz depuis la dernière actualisation